000 01400cad a22002775a 4500
001 L159569
008 100415u20160410xxk g 000 0 eng d
035 _a(Sirsi) u159569
041 0 _aeng
050 0 4 _a658.404 $2 18
110 _aRoyal Institution of Chartered Surveyors
_94900
245 0 0 _aProject controls in the North American market
_h[electronic resource]
260 _aLondon
_bRICS
_c2016
490 0 _aRICS Insight
490 0 _aRICS Research
520 _aLooks at the principle 'good practice' components of a project controls function (either in house or outsourced) to address any common issues in the industry, particularly in North America. Project controls represents an integrated approach to managing the budget, schedule, data and documents for a project, as well as providing relevant analysis of these. It is often utilised in conjunction with project management in order to increase transparency and coordination and reduce risk related to budget, schedule and other factors.
590 _aKA NTK
650 2 4 _aPROJECT CONTROL
650 2 4 _aBUDGETING
650 2 4 _aSCHEDULING
651 4 _aUnited States
_y1959-
690 _aProject management
_96261
700 1 _aNalewaik, Alexia
856 4 0 _uhttps://www.rics.org/profession-standards/knowledge-and-information-services/document-delivery-and-o
_zemail [email protected] to request a copy
942 _n0
999 _c116009
_d116009